000 00875nas a2200253 4500
001 BR7802902
003 BR-BrBNA
005 20231205083425.0
007 ta
008 230509b bl.|||p| |||| 00| 00por d
040 _aBR-BrBNA
_bpor
_cBiblioteca Nacional de Agricultura
041 _a(Pt)
072 _aH10
100 1 _aCruz, P.F.N.
245 1 _aResultados preliminares sobre a eficacia do Bacillus thuringiensis Berliner no controle do mandarova da seringueira (Erinnys ello L.)(Lepdoptera: Sphingidae), na Bahia [Hevea brasiliensis, Brasil]
650 _aSERINGUEIRA
650 _aMANDAROVA
650 _aCONTROLE BIOLOGICO
650 _aBAHIA
773 0 _tRevista Theobroma (Brazil)
_xISSN 0370-7962
_g(Jul-Sep 1977), v. 7(3) p. 93-98
_wBR7802902
856 4 0 _dLink DSPACE/MAPA BR7802902
909 _a202311
_bLúcia
_c55
_dLúcia Elande
942 _2AGRIS
_n0
_cANA
999 _c98652
_d98652